| 000 | 00487cam a22002052a 4500 | ||
|---|---|---|---|
| 001 | 003675 | ||
| 003 | AR-FADEU | ||
| 008 | 311216n1969####xxu####################dd | ||
| 092 |
_a808.838 72 _bH151a |
||
| 100 | _aHailey, Arthur | ||
| 245 | _aAirport | ||
| 260 | _aNew York | ||
| 260 | _bBantam Export | ||
| 260 | _c1969 | ||
| 300 | _a438 p | ||
| 440 | _aNovel | ||
| 650 | _aLITERATURA ESTADOUNIDENSE-SIGLO XX; NOVELA DE SUSPENSO/REVISADO/ | ||
| 546 | _aInglés | ||
| 942 | _cBDGR | ||
| 999 |
_c9505 _d9505 |
||